Sanrio Characters!! - Statistics

General Stats
  • This quiz has been taken 30 times
  • The average score is 7 of 15
Answer Stats
Answers!! % Correct
Hello Kitty
100%
My Melody
100%
KUROMI
93%
Keroppi
70%
Pompompurin
70%
Cinnamoroll
67%
Pochacco
44%
Tuxedosam
44%
Kiki/Lala
37%
Dear Daniel
33%
Hangyodon
26%
U*SA*HA*NA
22%
AHIRUNOPEKKLE
19%
BAD-BADTZ-MARU
11%
WISH ME MEL
4%
No matching quizzes found
Score Distribution
Percent of People with Each Score
Percentile by Number Answered
Your Score History
You have not taken this quiz